| 000 | 01393nam a2200373 i 4500 | ||
|---|---|---|---|
| 001 | 196146 | ||
| 003 | ES-MaACL | ||
| 005 | 20250502063018.0 | ||
| 008 | 240816s2004 xxk| ||| ||eng | ||
| 016 | 7 |
_abimoBNE20040133401 _2SpMaBN |
|
| 020 | _a1856044742 | ||
| 035 | _a(OCoLC)433643677 | ||
| 035 | _a(SpMaBN)Mimo0001918786 | ||
| 035 | _a991058620469708606 | ||
| 040 |
_aSpMaBN _bspa _cSpMaBN _erdc |
||
| 080 | _a025.3:004.738.5 | ||
| 245 | 0 | 0 |
_aMetadata applications and management / _cedited by G.E. Gorman ; associate editor, Daniel G. Dorner. |
| 260 |
_aLondon : _bFacet, _c2004. |
||
| 300 |
_aXXIV, 359 p. : _c24 cm. |
||
| 336 |
_2rdacontent _atexto |
||
| 337 |
_2rdamedia _asin mediación |
||
| 338 |
_2rdacarrier _avolumen |
||
| 490 | 1 |
_aInternational yearbook of library and information management ; _v2003-2004 |
|
| 504 | _aIncluye referencias bibliográficas e índice | ||
| 650 | 7 |
_aMetadatos _9175499 |
|
| 700 |
_aGorman, G. E _9238382 _epbl |
||
| 700 |
_aDorner, Daniel G _9238383 _epbl |
||
| 830 |
_9238381 _aInternational yearbook of library and information management ; _v2003-2004 |
||
| 852 |
_aES-MaACL _bR.134130 _cDEPOJ _jN-9213 _xEncuadernación cartoné con sobrecubiertas _9205163 |
||
| 942 |
_cMONOGRAFIA _n0 |
||
| 999 |
_c196146 _d196146 |
||